000
00287nam a2200133Ia 4500
100
_a
#N/A
650
_a
Computers
942
_c
BK
654
_a
AUTOCAD 14
245
_a
MASTERING AUTOCAD 14 FOR MECHANICAL ENGG.
260
_b
BPB Publ.
_a
New Delhi
082
_b
OMU
546
_a
ENGLISH
999
_c
33110
_d
33110